00422nam a2200157Ia 4500001000500000005001700005008004100022041000800063082002200071100002300093245009600116260000900212300002700221650000800248654000800256773520260306160517.0260306t1995||||xx |||||||||||||| ||spa|| aESP a359.94bG385 T. 2 aGunston, BilleAUT 0aGuía ilustrada de los cazas y aviones de ataque aliados de la segunda guerra mundial (II) c1995 a77 páginas :c21 cm. aGEN aCHU